<?xml version="1.0" encoding="UTF-8"?>
<record
    xmlns:xsi="http://www.w3.org/2001/XMLSchema-instance"
    xsi:schemaLocation="http://www.loc.gov/MARC21/slim http://www.loc.gov/standards/marcxml/schema/MARC21slim.xsd"
    xmlns="http://www.loc.gov/MARC21/slim">

  <leader>02248nam a22004817a 4500</leader>
  <datafield tag="999" ind1=" " ind2=" ">
    <subfield code="c">760</subfield>
    <subfield code="d">760</subfield>
  </datafield>
  <controlfield tag="003">AR-BeUNQ</controlfield>
  <controlfield tag="005">20230302193558.0</controlfield>
  <controlfield tag="008">221219s2018    ag obd|| |||| 00| 0dspa d</controlfield>
  <datafield tag="020" ind1=" " ind2=" ">
    <subfield code="a">9789874113900</subfield>
  </datafield>
  <datafield tag="040" ind1=" " ind2=" ">
    <subfield code="a">AR-BeUNQ</subfield>
    <subfield code="e">aacr</subfield>
  </datafield>
  <datafield tag="041" ind1=" " ind2=" ">
    <subfield code="a">spa</subfield>
  </datafield>
  <datafield tag="044" ind1=" " ind2=" ">
    <subfield code="a">ag</subfield>
  </datafield>
  <datafield tag="082" ind1=" " ind2=" ">
    <subfield code="a">980</subfield>
    <subfield code="2">21</subfield>
  </datafield>
  <datafield tag="245" ind1="0" ind2="0">
    <subfield code="a">Historia 4 :</subfield>
    <subfield code="b">La Argentina y el mundo desde finales del Siglo XIX hasta mediados del Siglo XX /</subfield>
    <subfield code="c">Esteban Campos ... [et al.]</subfield>
  </datafield>
  <datafield tag="246" ind1=" " ind2="3">
    <subfield code="a">Historia cuatro :</subfield>
    <subfield code="b">La Argentina y el mundo desde finales del Siglo XIX hasta mediados del Siglo XX  </subfield>
  </datafield>
  <datafield tag="250" ind1=" " ind2=" ">
    <subfield code="a">1a ed.</subfield>
  </datafield>
  <datafield tag="260" ind1=" " ind2=" ">
    <subfield code="a">Buenos Aires :</subfield>
    <subfield code="b">Mandioca, </subfield>
    <subfield code="c">2018.</subfield>
  </datafield>
  <datafield tag="300" ind1=" " ind2=" ">
    <subfield code="a">[239] p. :</subfield>
    <subfield code="b">il., mapas, gr&#xE1;ficos ;</subfield>
    <subfield code="c">28 cm.</subfield>
  </datafield>
  <datafield tag="490" ind1=" " ind2=" ">
    <subfield code="a">Llaves (Mandioca)</subfield>
  </datafield>
  <datafield tag="500" ind1=" " ind2=" ">
    <subfield code="a">Incluye &#xED;ndice.</subfield>
  </datafield>
  <datafield tag="504" ind1=" " ind2=" ">
    <subfield code="a">Bibliograf&#xED;a: p. 239.</subfield>
  </datafield>
  <datafield tag="648" ind1=" " ind2="4">
    <subfield code="a">Siglo XIX</subfield>
  </datafield>
  <datafield tag="648" ind1=" " ind2="4">
    <subfield code="a">Siglo XX</subfield>
  </datafield>
  <datafield tag="650" ind1=" " ind2="7">
    <subfield code="a">Historia</subfield>
    <subfield code="2">spines</subfield>
  </datafield>
  <datafield tag="650" ind1=" " ind2="7">
    <subfield code="a">Historia argentina</subfield>
    <subfield code="2">tha</subfield>
  </datafield>
  <datafield tag="653" ind1=" " ind2=" ">
    <subfield code="a">Historia pol&#xED;tica</subfield>
  </datafield>
  <datafield tag="700" ind1="1" ind2=" ">
    <subfield code="9">3693</subfield>
    <subfield code="a">Campos, Esteban</subfield>
    <subfield code="d">1977-</subfield>
    <subfield code="q">(Esteban Javier)</subfield>
  </datafield>
  <datafield tag="700" ind1="1" ind2=" ">
    <subfield code="9">3699</subfield>
    <subfield code="a">Chiarad&#xED;a, Esteban</subfield>
  </datafield>
  <datafield tag="700" ind1="1" ind2=" ">
    <subfield code="9">3694</subfield>
    <subfield code="a">Grinchpun, Boris Mat&#xED;as</subfield>
  </datafield>
  <datafield tag="700" ind1="1" ind2=" ">
    <subfield code="9">3700</subfield>
    <subfield code="a">Miliddi, Federico Mart&#xED;n</subfield>
  </datafield>
  <datafield tag="830" ind1=" " ind2=" ">
    <subfield code="9">3692</subfield>
    <subfield code="a">Llaves (Mandioca)</subfield>
  </datafield>
  <datafield tag="929" ind1=" " ind2=" ">
    <subfield code="a">COMPRA</subfield>
    <subfield code="b">Estaci&#xF3;n Mandioca S.A</subfield>
    <subfield code="c">Exp. 827-2299/22</subfield>
    <subfield code="d">2800</subfield>
    <subfield code="e">23.11.2022</subfield>
    <subfield code="f">PAT0079040</subfield>
    <subfield code="h">1</subfield>
    <subfield code="j">60396</subfield>
  </datafield>
  <datafield tag="929" ind1=" " ind2=" ">
    <subfield code="a">COMPRA</subfield>
    <subfield code="b">Estaci&#xF3;n Mandioca S.A</subfield>
    <subfield code="c">Exp. 827-2299/22</subfield>
    <subfield code="d">2800</subfield>
    <subfield code="e">23.11.2022</subfield>
    <subfield code="f">PAT0079041</subfield>
    <subfield code="h">2</subfield>
    <subfield code="j">60402</subfield>
  </datafield>
  <datafield tag="929" ind1=" " ind2=" ">
    <subfield code="a">COMPRA</subfield>
    <subfield code="b">Estaci&#xF3;n Mandioca S.A</subfield>
    <subfield code="c">Exp. 827-2299/22</subfield>
    <subfield code="d">2800</subfield>
    <subfield code="e">23.11.2022</subfield>
    <subfield code="f">PAT0079042</subfield>
    <subfield code="h">3</subfield>
    <subfield code="j">60403</subfield>
  </datafield>
  <datafield tag="929" ind1=" " ind2=" ">
    <subfield code="a">COMPRA</subfield>
    <subfield code="b">Estaci&#xF3;n Mandioca S.A</subfield>
    <subfield code="c">Exp. 827-2299/22</subfield>
    <subfield code="d">2800</subfield>
    <subfield code="e">23.11.2022</subfield>
    <subfield code="f">PAT0079043</subfield>
    <subfield code="h">4</subfield>
    <subfield code="j">60404</subfield>
  </datafield>
  <datafield tag="929" ind1=" " ind2=" ">
    <subfield code="a">COMPRA</subfield>
    <subfield code="b">Estaci&#xF3;n Mandioca S.A</subfield>
    <subfield code="c">Exp. 827-2299/22</subfield>
    <subfield code="d">2800</subfield>
    <subfield code="e">23.11.2022</subfield>
    <subfield code="f">PAT0079044</subfield>
    <subfield code="h">5</subfield>
    <subfield code="j">60405</subfield>
  </datafield>
  <datafield tag="929" ind1=" " ind2=" ">
    <subfield code="a">COMPRA</subfield>
    <subfield code="b">Estaci&#xF3;n Mandioca S.A</subfield>
    <subfield code="c">Exp. 827-2299/22</subfield>
    <subfield code="d">2800</subfield>
    <subfield code="e">23.11.2022</subfield>
    <subfield code="f">PAT0079045</subfield>
    <subfield code="h">6</subfield>
    <subfield code="j">60406</subfield>
  </datafield>
  <datafield tag="929" ind1=" " ind2=" ">
    <subfield code="a">COMPRA</subfield>
    <subfield code="b">Estaci&#xF3;n Mandioca S.A</subfield>
    <subfield code="c">Exp. 827-2299/22</subfield>
    <subfield code="d">2800</subfield>
    <subfield code="e">23.11.2022</subfield>
    <subfield code="f">PAT0079046</subfield>
    <subfield code="h">7</subfield>
    <subfield code="j">60407</subfield>
  </datafield>
  <datafield tag="929" ind1=" " ind2=" ">
    <subfield code="a">COMPRA</subfield>
    <subfield code="b">Estaci&#xF3;n Mandioca S.A</subfield>
    <subfield code="c">Exp. 827-2299/22</subfield>
    <subfield code="d">2800</subfield>
    <subfield code="e">23.11.2022</subfield>
    <subfield code="f">PAT0079047</subfield>
    <subfield code="h">8</subfield>
    <subfield code="j">60408</subfield>
  </datafield>
  <datafield tag="929" ind1=" " ind2=" ">
    <subfield code="a">COMPRA</subfield>
    <subfield code="b">Estaci&#xF3;n Mandioca S.A</subfield>
    <subfield code="c">Exp. 827-2299/22</subfield>
    <subfield code="d">2800</subfield>
    <subfield code="e">23.11.2022</subfield>
    <subfield code="f">PAT0079048</subfield>
    <subfield code="h">9</subfield>
    <subfield code="j">60409</subfield>
  </datafield>
  <datafield tag="929" ind1=" " ind2=" ">
    <subfield code="a">COMPRA</subfield>
    <subfield code="b">Estaci&#xF3;n Mandioca S.A</subfield>
    <subfield code="c">Exp. 827-2299/22</subfield>
    <subfield code="d">2800</subfield>
    <subfield code="e">23.11.2022</subfield>
    <subfield code="f">PAT0079049</subfield>
    <subfield code="h">10</subfield>
    <subfield code="j">60410</subfield>
  </datafield>
  <datafield tag="942" ind1=" " ind2=" ">
    <subfield code="c">LIB</subfield>
    <subfield code="n">1</subfield>
  </datafield>
  <datafield tag="952" ind1=" " ind2=" ">
    <subfield code="0">0</subfield>
    <subfield code="1">0</subfield>
    <subfield code="a">BIBESET</subfield>
    <subfield code="b">BIBESET</subfield>
    <subfield code="c">circulacion</subfield>
    <subfield code="d">2022-12-21</subfield>
    <subfield code="l">1</subfield>
    <subfield code="o">980 HIS</subfield>
    <subfield code="p">60396</subfield>
    <subfield code="r">2025-11-11</subfield>
    <subfield code="s">2025-11-11</subfield>
    <subfield code="t">1</subfield>
    <subfield code="w">2023-03-02</subfield>
    <subfield code="y">LIB</subfield>
  </datafield>
  <datafield tag="952" ind1=" " ind2=" ">
    <subfield code="0">0</subfield>
    <subfield code="1">0</subfield>
    <subfield code="a">BIBESET</subfield>
    <subfield code="b">BIBESET</subfield>
    <subfield code="c">circulacion</subfield>
    <subfield code="d">2022-12-21</subfield>
    <subfield code="l">1</subfield>
    <subfield code="o">980 HIS</subfield>
    <subfield code="p">60402</subfield>
    <subfield code="r">2025-11-11</subfield>
    <subfield code="s">2025-11-11</subfield>
    <subfield code="t">2</subfield>
    <subfield code="w">2023-03-02</subfield>
    <subfield code="y">LIB</subfield>
  </datafield>
  <datafield tag="952" ind1=" " ind2=" ">
    <subfield code="0">0</subfield>
    <subfield code="1">0</subfield>
    <subfield code="a">BIBESET</subfield>
    <subfield code="b">BIBESET</subfield>
    <subfield code="c">circulacion</subfield>
    <subfield code="d">2022-12-21</subfield>
    <subfield code="l">1</subfield>
    <subfield code="o">980 HIS</subfield>
    <subfield code="p">60403</subfield>
    <subfield code="r">2025-11-11</subfield>
    <subfield code="s">2025-11-11</subfield>
    <subfield code="t">3</subfield>
    <subfield code="w">2023-03-02</subfield>
    <subfield code="y">LIB</subfield>
  </datafield>
  <datafield tag="952" ind1=" " ind2=" ">
    <subfield code="0">0</subfield>
    <subfield code="1">0</subfield>
    <subfield code="a">BIBESET</subfield>
    <subfield code="b">BIBESET</subfield>
    <subfield code="c">circulacion</subfield>
    <subfield code="d">2022-12-21</subfield>
    <subfield code="l">2</subfield>
    <subfield code="o">980 HIS</subfield>
    <subfield code="p">60404</subfield>
    <subfield code="r">2025-11-25</subfield>
    <subfield code="s">2025-11-25</subfield>
    <subfield code="t">4</subfield>
    <subfield code="w">2023-03-02</subfield>
    <subfield code="y">LIB</subfield>
  </datafield>
  <datafield tag="952" ind1=" " ind2=" ">
    <subfield code="0">0</subfield>
    <subfield code="1">0</subfield>
    <subfield code="a">BIBESET</subfield>
    <subfield code="b">BIBESET</subfield>
    <subfield code="c">circulacion</subfield>
    <subfield code="d">2022-12-21</subfield>
    <subfield code="l">1</subfield>
    <subfield code="o">980 HIS</subfield>
    <subfield code="p">60405</subfield>
    <subfield code="r">2025-11-11</subfield>
    <subfield code="s">2025-11-11</subfield>
    <subfield code="t">5</subfield>
    <subfield code="w">2023-03-02</subfield>
    <subfield code="y">LIB</subfield>
  </datafield>
  <datafield tag="952" ind1=" " ind2=" ">
    <subfield code="0">0</subfield>
    <subfield code="1">0</subfield>
    <subfield code="a">BIBESET</subfield>
    <subfield code="b">BIBESET</subfield>
    <subfield code="c">circulacion</subfield>
    <subfield code="d">2022-12-21</subfield>
    <subfield code="l">1</subfield>
    <subfield code="o">980 HIS</subfield>
    <subfield code="p">60406</subfield>
    <subfield code="r">2025-12-09</subfield>
    <subfield code="s">2025-12-09</subfield>
    <subfield code="t">6</subfield>
    <subfield code="w">2023-03-02</subfield>
    <subfield code="y">LIB</subfield>
  </datafield>
  <datafield tag="952" ind1=" " ind2=" ">
    <subfield code="0">0</subfield>
    <subfield code="1">0</subfield>
    <subfield code="a">BIBESET</subfield>
    <subfield code="b">BIBESET</subfield>
    <subfield code="c">circulacion</subfield>
    <subfield code="d">2022-12-21</subfield>
    <subfield code="l">2</subfield>
    <subfield code="o">980 HIS</subfield>
    <subfield code="p">60407</subfield>
    <subfield code="r">2025-11-25</subfield>
    <subfield code="s">2025-11-25</subfield>
    <subfield code="t">7</subfield>
    <subfield code="w">2023-03-02</subfield>
    <subfield code="y">LIB</subfield>
  </datafield>
  <datafield tag="952" ind1=" " ind2=" ">
    <subfield code="0">0</subfield>
    <subfield code="1">0</subfield>
    <subfield code="a">BIBESET</subfield>
    <subfield code="b">BIBESET</subfield>
    <subfield code="c">circulacion</subfield>
    <subfield code="d">2022-12-21</subfield>
    <subfield code="l">1</subfield>
    <subfield code="o">980 HIS</subfield>
    <subfield code="p">60408</subfield>
    <subfield code="r">2025-11-11</subfield>
    <subfield code="s">2025-11-11</subfield>
    <subfield code="t">8</subfield>
    <subfield code="w">2023-03-02</subfield>
    <subfield code="y">LIB</subfield>
  </datafield>
  <datafield tag="952" ind1=" " ind2=" ">
    <subfield code="0">0</subfield>
    <subfield code="1">0</subfield>
    <subfield code="a">BIBESET</subfield>
    <subfield code="b">BIBESET</subfield>
    <subfield code="c">circulacion</subfield>
    <subfield code="d">2022-12-21</subfield>
    <subfield code="l">1</subfield>
    <subfield code="o">980 HIS</subfield>
    <subfield code="p">60409</subfield>
    <subfield code="r">2025-11-11</subfield>
    <subfield code="s">2025-11-11</subfield>
    <subfield code="t">9</subfield>
    <subfield code="w">2023-03-02</subfield>
    <subfield code="y">LIB</subfield>
  </datafield>
  <datafield tag="952" ind1=" " ind2=" ">
    <subfield code="0">0</subfield>
    <subfield code="1">0</subfield>
    <subfield code="a">BIBESET</subfield>
    <subfield code="b">BIBESET</subfield>
    <subfield code="c">circulacion</subfield>
    <subfield code="d">2022-12-21</subfield>
    <subfield code="l">1</subfield>
    <subfield code="o">980 HIS</subfield>
    <subfield code="p">60410</subfield>
    <subfield code="r">2025-11-11</subfield>
    <subfield code="s">2025-11-11</subfield>
    <subfield code="t">10</subfield>
    <subfield code="w">2023-03-02</subfield>
    <subfield code="y">LIB</subfield>
  </datafield>
</record>
